100 największych miast na świecie (dla Geomexa) - Statystyki

Ogólne statystyki
  • Ten quiz został rozwiązany 124 razy
  • Średni wynik to 26 z 100
Statystyki odpowiedzi
Państwo Miasto % Poprawnych
Japonia Tokio
98%
Meksyk Meksyk
73%
Chiny Pekin
73%
Egipt Kair
67%
Rosja Moskwa
66%
Francja Paryż
62%
Hiszpania Madryt
61%
Turcja Stambuł
61%
USA Nowy Jork
59%
Korea Południowa Seul
59%
Wielka Brytania Londyn
56%
Brazylia Rio De Janeiro
55%
Brazylia Sao Paulo
55%
Hiszpania Barcelona
54%
Argentyna Buenos Aires
54%
Włochy Rzym
53%
Chiny Szanghaj
53%
Bangladesz Dhaka
52%
Australia Sydney
48%
Peru Lima
47%
Turcja Ankara
45%
Tajlandia Bangkok
45%
Singapur Singapur
45%
Iran Teheran
45%
Japonia Osaka
44%
Kanada Toronto
44%
Filipiny Manila
42%
Kolumbia Bogota
41%
Brazyliaa Brasilia
41%
Indonezja Dżakarta
41%
Chiny Hongkong
41%
Indie New Delhi
40%
Arabia Saudyjska Rijad
40%
DRK Kinszasa
36%
Nigeria Lagos
36%
Rosja Petersburg
36%
Chiny Wuhan
35%
Wietnam Hanoi
34%
RPA Johannesburg
34%
Irak Bagdad
32%
Chiny Kanton
32%
Malezja Kuala Lumpur
31%
Australia Melbourne
29%
RPA Kapsztad
28%
Chile Santiago
28%
Sudan Chartum
27%
Kanada Montreal
27%
Egipt Aleksandria
26%
Afganistan Kabul
26%
Angola Luanda
26%
Kenia Nairobi
26%
Izrael Tel Awiw
26%
Pakistan Karaczi
24%
Etiopia Addis Abeba
21%
Indie Mumbai
21%
Indie Kolkata
20%
Japonia Nagoja
16%
Wietnam Ho Chi Minh
14%
Meksyk Guadalajara
13%
Chiny Nankin
13%
Chiny Chongqing
12%
Kamerun Jaunde
12%
Meksyk Monterrey
12%
Tanzania Dar Es Salaam
11%
WKS Abidżan
9%
Chiny Chengdu
9%
Brazylia Belo Horizonte
8%
Chiny Tiencin
8%
Chiny Xi'an
8%
Chiny Shenzhen
7%
Indie Bangalore
6%
Chiny Qingdao
6%
Indie Surat
6%
Indie Ahmedabad
4%
Indie Chennai
4%
Chiny Hangzhou
4%
Chiny Harbin
4%
Chiny Ningbo
4%
Indie Pune
4%
Arabia Saudyjska Dżedda
2%
Japonia Fukuoka
2%
Chiny Jinan
2%
Tajwan Nowe Tajpej
2%
Chiny Shantou
2%
Chiny Suzhou
2%
Chiny Zhengzhou
2%
Chiny Changchun
1%
Chiny Changsha
1%
Chiny Dalian
1%
Chiny Dongguan
1%
Chiny Foshan
1%
Indie Hyderabad
1%
Mjanma Jangon
1%
Chiny Kunming
1%
Chiny Shenyang
1%
Chiny Urumczi
1%
Bangladesz Chattogram
0%
Chiny Hefel
0%
Pakistan Lathaur
0%
Chiny Shijiazhuang
0%
Nie znaleziono quizów pasujących do podanych kryteriów
Rozkład punktacji
Procent ludzi z każdym wynikiem
Percentyl według liczby udzielonych odpowiedzi
Twoja historia wyników
Nie rozwiązałeś tego quizu